| 000 | 01316aam a2200361 i 4500 | ||
|---|---|---|---|
| 001 | 1377727908 | ||
| 003 | OCoLC | ||
| 005 | 20250822174932.0 | ||
| 008 | 230428s2016 nyua a 000 0 eng d | ||
| 020 |
_a9780593648896 _q(board book) |
||
| 020 |
_a0593648897 _q(board book) |
||
| 035 | _a(OCoLC)1377727908 | ||
| 040 |
_aNjBwBT _beng _erda _cFMG _dFMG _dOCLCQ _dSDG _dTnLvILS |
||
| 050 | 4 |
_aQL565.2 _b.H44 2023 |
|
| 082 | 0 | 4 |
_a595.79/9 _223 |
| 092 |
_achildren board book _bTeckentrup |
||
| 100 | 1 |
_aHegarty, Patricia, _eauthor. _95813973 |
|
| 245 | 1 | 0 |
_aBee : _ba peek-through picture book / _ctext by Patricia Hegarty ; illustrations by Britta Teckentrup. |
| 250 | _aFirst American board book edition. | ||
| 264 | 1 |
_aNew York : _bDoubleday, _c[2016] |
|
| 300 |
_a1 volume (unpaged) : _bcolor illustrations ; _c19 cm. |
||
| 336 | _atext | ||
| 337 | _aunmediated | ||
| 338 | _avolume | ||
| 500 | _aCover title. | ||
| 500 | _aOn board pages. | ||
| 520 | _aRhyming text invites readers to follow along as bees work together to pollinate the environment. | ||
| 650 | 0 |
_aBees _vJuvenile literature. _95693181 |
|
| 655 | 7 |
_aPicture books. _2lcgft |
|
| 655 | 7 |
_aBoard books. _2lcgft |
|
| 700 | 1 |
_aTeckentrup, Britta, _eillustrator. _95796174 |
|
| 942 |
_2ddc _cBOOK |
||
| 999 |
_c411072 _d411072 |
||